00717nam a2200241 a 4500001001300000003000900013005001700022008004100039020001100080082001300091100002100104245005900125260004700184300000900231500003500240505001000275650002800285700002100313902000800334942000700342952011100349999001500460nice12345678IN_TiNIC20260116011656.0050524s1978 mada grp 000 0 eng  ac17.500a244bAMI aAmirtham, Samuel aVision for Manb Essays on Faith, Theology and Society aMadrasbChristian Literature Societyc1978 a416p aincludes index and biblioraphy2 aNotes aChristianity-Miscellany1 aAmirtham, Samuel bSRS cBK 001040708StackRoom-aHMIbHMId2007-07-05g17.50l0o244 AMIp08864r2007-07-05v17.50w2005-05-24yBK c3329d3329